000 02841nam0a2200397 4500
001 RU\NLR\bibl\1658511
005 20260407233000.0
010 _a978-5-94984-283-6
_9100
021 _aRU
_b2010-47640
_93163
035 _a(nilc)RSL-KNO-004699094
035 _a(NLR Aleph) 001649809
090 _a914560
_c914560
100 _a20100628d2010 |||y0rusy50 ca
101 0 _arus
102 _aRU
105 _aa zzzz|||||
200 1 _a80 лет УГЛТУ - опыт высшего лесотехнического образования на Урале
_eматериалы Международной научно-методической конференции
210 _aЕкатеринбург
_cУральский гос. лесотехнический ун-т
_d2010
215 _a337 с.
_cил., табл.
_d20
300 _aВ надзаг.: М-во образования и науки Российской Федерации, ГОУ ВПО "Уральский гос. лесотехнический ун-т"
320 _aБиблиогр. в конце ст.
517 0 _aВосемьдесят лет УГЛТУ - опыт высшего лесотехнического образования на Урале
601 0 2 _aУральский государственный лесотехнический университет
_cЕкатеринбург, город
_jСъезды, совещания и т.п.
_92583538
_3RU\NLR\auth\661527154
606 1 _aВысшее лесотехническое образование
_jСъезды, совещания и т.п.
_yУрал
_92602382
_3RU\NLR\auth\661538940
610 0 _aСельское и лесное хозяйство. Сельскохозяйственные и лесохозяйственные науки -- Лесное хозяйство. Лесохозяйственные науки -- Материалы конференции
610 0 _aСельское и лесное хозяйство. Сельскохозяйственные и лесохозяйственные науки -- Сельскохозяйственное образование -- Высшее образование -- Материалы конференции
686 _aП3я431(0)
_2rubbk
686 _aП.р(2)3я431(0)
_2rubbk
686 _aЧ488.84(2Р36)я431
711 1 2 _a"80 лет УГЛТУ - опыт высшего лесотехнического образования на Урале", международная научно-методическая конференция
_f2010
_eЕкатеринбург
_3RU\NLR\AUTH\8810159081
_9813668
801 0 _aRU
_bРГБ
_c20100628
_grcr
801 1 _aRU
_bРГБ
_c20100628
801 2 _aRU
_bNLR
_c20100728
_grcr
942 _cBOOK
980 _aNB